00421nam a2200145Ia 450000500170000000800410001702000150005808200130007310000180008624500720010426000570017630000130023365000180024665000110026420241009045453.0240331s9999 xx 000 0 und d a8170131332 bJAYa820 aJayasuriya, W 0aSri Lanka's english literature :ba case study in literature theory aNew DelhibNavarang Booksellers and Publishersc1994 a164 p ., aShort Stories aPoetry